Inovácie ako nástroj konkurenčnej výhody podniku bakalárska práca

Gespeichert in:
Bibliographische Detailangaben
1. Verfasser: Geisseová, Gréta
Körperschaft: Obchodná fakulta EU. Katedra marketingu
Weitere Verfasser: Jankovič, Michal, 1993-
Format: Buch
Sprache:Slowakisch
Veröffentlicht: Bratislava 2024
Tags: Tag hinzufügen
Keine Tags, Fügen Sie das erste Tag hinzu!

MARC

LEADER 00000nbm a2200000 4500
001 0302252
005 20250613092025.6
041 0 |a slo 
044 |a SK 
245 1 0 |a Inovácie ako nástroj konkurenčnej výhody podniku  |b bakalárska práca  |c Gréta Geisseová ; školiteľ: Michal Jankovič 
264 1 |a Bratislava  |c 2024 
300 |a 58 s. 
100 1 |a Geisseová, Gréta 
700 1 |a Jankovič, Michal, 1993- 
710 2 |a Obchodná fakulta EU. Katedra marketingu